Jusqu'où irez vous ? #8 (Culture Générale) - Statistiques

Statistiques générales
  • Ce quiz a été pris 281 fois
  • Le résultat moyen est 5 sur 33
Statistiques - réponses
Hint Réponse % Correct
Plat épicé dont les ingrédients essentiels sont la viande de bœuf et le mélange d'épices précédent : ___________ con carne Chili
100%
Pays écrit dans un autre pays correspondant à la proposition ci-dessous (il faut taper celui qui est à l intérieur) SO___________E Mali
65%
Sorte de fromage blanc d'origine normand : Le petit-___________ Suisse
57%
Personne qui se déplace sans cesse : Va___________d Gabon
48%
Petite bombe dont la mise à feu est déclenchée volontairement par un dispositif pyrotechnique : ___________ Grenade
33%
Pièce poétique mise en musique, de style simple ou encore Brève aventure amoureuse : R___________CE Oman
32%
Dans le langage familier, synonyme de brocante : ___________ Chine
25%
Grippage, arrêt dû à un mauvais fonctionnement. : Enra___________t Yemen
15%
Loge maçonnique fondée en 1868 à Beyrouth, sous les auspices du Grand Orient de France : Le ___________ Liban
12%
Annexé par l'Allemagne nazie en mars 1938 : ___________ Autriche
11%
Chapeau en fibres végétales masculin souple et léger, très en vogue vers 1900 (porté par les ouvriers pour se protéger du Soleil avant de devenir un symbole d'élégance décontractée) Le ___________ Panama
11%
Pays qui a ce drapeau : ___________
Comores
9%
Pays qui comprend les Îles Féroé Danemark
8%
Adjectif qui indique une absence de dangerosité : ___________ Benin
5%
Pays qui s'écrit Magyarország dans sa langue : ___________ Hongrie
5%
Pays où se situe la ville antique de Pétra, considérée comme l'une des sept nouvelles merveilles du monde : ___________
Jordanie
5%
Pays en 5 lettres qui a pour anagramme le mot qui désigne la partie avant d'un bateau : ___________ Perou (Proue)
5%
Nuance de bleu indigo, teinture tirée de l'indigotier : ___________ Inde
4%
Scindé en deux, je signifie aller en anglais : ___________ Togo
4%
Duo écossais de musique électronique composé des frères Michael Sandison et Marcus Eoin : Boards of ___________ Canada
3%
Deuxième album de la série de bande dessinée Les Aventures de Tintin, créée par Hergé et non adapté en dessin animé : Tintin au ___________ Congo
3%
Cocktail mélangeant rhum et cola : Le ___________ libre Cuba
3%
Footballeur (attaquant) international français entre 1996 et 1999 (6 sélections 1 but) : Florian ___________ Maurice
3%
Pays qui tire son nom d'un dérivé de l'espagnol « baja mar » (marée basse) : ___________ Bahamas
2%
Nom donné à certains bois rouges, bois exotiques qui, séchés et pulvérisés, donnent une matière tinctoriale rouge : ___________ Bresil
2%
Gerbe de fusées de feu d'artifice qui tournoie ou encore Guirlande lumineuse qui décore une fête, un manège : G___________dole Iran
2%
S’est appelé Honduras britannique de 1862 à 1973 : ___________ Belize
1%
Film franco-ouest-germano-gabonais, réalisé par Serge Gainsbourg, sorti en 1983 avec Francis Huster ___________ Equateur
1%
A pour hymne Mu isamaa, mu õnn ja rõõm (« Ma patrie, mon bonheur et ma joie ») ___________ Estonie
1%
Modulation d'une onde radioélectrique (généralement de faible puissance) par celle d'une autre source (plus puissante) émettant sur une fréquence différente ; appelé aussi modulation croisée ionosphérique : Effet ___________ Luxembourg
1%
Reine de Castille par mariage, née en 1313 et morte le 18 janvier 1357 : Marie de ___________ Portugal
1%
Groupe de rock alternatif britannique, originaire de Londres, formé en 1989. Influencé par David Bowie, il remet au goût du jour le glam rock et inaugure l'ère de la britpop en 1993 : ___________ Suede
1%
Opération aéroportée menée par la 6e division aéroportée britannique entre le 5 et le 7 juin 1944 dans le cadre de l'opération Overlord et du débarquement de Normandie pendant la Seconde Guerre mondiale : Opération ___________ Tonga
1%
Aucun quiz correspondant
Distribution des résultats
% des personnes avec chaque résultat
Percentile par nombre de réponses
Votre historique - résultats
Vous n’avez pas pris ce quiz